Úvod do psychológie finančného trhu
Základné typy analýz prostredníctvom ktorých sa obchoduje na finančných trhoch. Technická a fundamentálna analýza. Psychologická analýza a psychológia davu.
Salvato in:
| Autore principale: | |
|---|---|
| Altri autori: | |
| Natura: | Capitolo di libro |
| Lingua: | slovacco |
| Soggetti: | |
| Tags: |
Nessun Tag, puoi essere il primo ad aggiungerne!!
|
MARC
| LEADER | 00000nla a2200000 4500 | ||
|---|---|---|---|
| 001 | 0205496 | ||
| 005 | 20240502073425.6 | ||
| 041 | 0 | |a slo | |
| 044 | |a SK | ||
| 245 | 1 | 0 | |a Úvod do psychológie finančného trhu |c Mária Rubint, Ctibor Pilch |
| 520 | |a Základné typy analýz prostredníctvom ktorých sa obchoduje na finančných trhoch. Technická a fundamentálna analýza. Psychologická analýza a psychológia davu. | ||
| 610 | 2 | 0 | |a analýza technická |
| 610 | 2 | 0 | |a analýza fundamentálna |
| 610 | 2 | 0 | |a psychológia |
| 610 | 2 | 0 | |a trh finančný |
| 100 | 1 | |a Rubint, Mária | |
| 700 | 1 | |a Pilch, Ctibor, 1957- | |